000 00441nam a22001697a 4500
005 20180615122009.0
008 160526b xxu||||| |||| 00| 0 eng d
020 _a978-81-203-3564-6
041 _aeng
082 _b5305
_a657.42
100 _aHornger, Charles T & Others
_91321
245 _aCost Accounting A Managerial Emphasis
260 _aNew Delhi
_bAcademic Faundation
300 _a857
650 _aManagement
_9241
942 _cBK
999 _c1859
_d1858